00681nam a2200169Ia 4500999001500000020001500015082002000030100002000050245011200070260003300182300001400215440005900229650002500288650003000313942001200343952015600355 c9597d9597 a0700709843 a331.09545 LEF-; aLefebvre, Alain 0aKinship, honour and money in rural Pakistan: subsistence economy and the effects of international migration aRichmondbCurzon Pressc1999 axiv, 303p aNordic Institute of Asian Studies monograph series; 78 aMIGRATION - PAKISTAN aLABOR MOBILITY - PAKISTAN cBK2ddc 001040708DaNASSDOCbNASSDOCd2016-09-26eGifted by : DOCAS Collectioni2004-10-25l0o331.09545 LEF-;pD000731r2019-04-18 00:00:00w2019-04-18yBK